[Event "Perth op"]
[Site "Perth"]
[Date "2023.01.07"]
[Round "8"]
[White "Arthur, Matthew"]
[Black "Dagza, Ben"]
[Result "1-0"]
[WhiteElo "1605"]
[BlackElo "1726"]
[PlyCount "83"]
[EventDate "2023.01.02"]
[EventType "swiss"]
[EventRounds "11"]
[EventCountry "AUS"]
[SourceTitle "CBM 212 Extra"]
[Source "ChessBase"]
[SourceDate "2023.03.31"]
[SourceVersion "1"]
[SourceVersionDate "2023.03.31"]
[SourceQuality "1"]

1. d4 d6 2. c4 Nf6 3. Nc3 c6 4. Nf3 Qa5 5. Bd2 Qc7 6. e4 e5 7. d5 Bg4 8. Be2 Be7 9. 0-0 0-0 10. h3 Bxf3 11. Bxf3 Nbd7 12. Rc1 Rfe8 13. Be3 Nf8 14. Bg4 Ng6 15. b3 h6 16. Re1 Nh7 17. Ne2 Bg5 18. Bxg5 hxg5 19. Ng3 Ne7 20. Qd2 g6 21. Rc3 c5 22. Rf3 Kg7 23. Nf1 Ng8 24. Nh2 Ne7 25. Nf1 f5 26. exf5 Rf8 27. fxg6 Nxg6 28. Nh2 Rf4 29. g3 Rd4 30. Qc2 Qa5 31. Re2 Rf8 32. Rxf8 Nhxf8 33. Nf3 b5 34. Nxd4 cxd4 35. Bf5 Ne7 36. Bd3 b4 37. Qd2 Kf6 38. f4 gxf4 39. gxf4 Nfg6 40. fxe5+ dxe5 41. Qh6 Qd8 42. Rf2+ 1-0

[Event "Perth op"]
[Site "Perth"]
[Date "2023.01.04"]
[Round "4"]
[White "Arthur, Matthew"]
[Black "Hardegen, Kathryn"]
[Result "0-1"]
[WhiteElo "1605"]
[BlackElo "1887"]
[PlyCount "200"]
[EventDate "2023.01.02"]
[EventType "swiss"]
[EventRounds "11"]
[EventCountry "AUS"]
[SourceTitle "CBM 212 Extra"]
[Source "ChessBase"]
[SourceDate "2023.03.31"]
[SourceVersion "1"]
[SourceVersionDate "2023.03.31"]
[SourceQuality "1"]

1. d4 d5 2. c4 c6 3. Nc3 Nf6 4. e3 a6 5. a4 dxc4 6. Bxc4 e6 7. Nf3 Be7 8. 0-0 0-0 9. e4 Qc7 10. Bg5 Re8 11. Qc2 c5 12. dxc5 Qxc5 13. Bd3 Nc6 14. Bxf6 gxf6 15. Qe2 Qh5 16. Rfd1 Rb8 17. Nd4 Qxe2 18. Bxe2 Nb4 19. Na2 Nxa2 20. Rxa2 e5 21. Nf5 Bxf5 22. exf5 Red8 23. Raa1 a5 24. b3 b6 25. Bc4 Kg7 26. h3 h5 27. g4 hxg4 28. hxg4 Bc5 29. Kg2 Bd4 30. Rac1 Bc5 31. Bd5 Bd4 32. Bc4 Rbc8 33. Re1 Rc7 34. f3 Bc5 35. Re2 Rcd7 36. Rce1 Bb4 37. Rc1 Bc5 38. Rce1 Bb4 39. Rc1 Ba3 40. Rce1 Bb4 41. Rc1 Rd2 42. Rxd2 Rxd2+ 43. Kh3 Bc5 44. Rf1 Be3 45. Re1 Bc5 46. Rf1 Rc2 47. Rd1 Bd4 48. Kg3 Be3 49. Rh1 Bf4+ 50. Kh3 Rf2 51. Bd5 Rd2 52. Be4 Kf8 53. Kh4 Ke7 54. g5 fxg5+ 55. Kg4 Rg2+ 56. Kh5 Kf6 57. Bd3 Kg7 58. Be4 f6 59. Bd5 Rd2 60. Bc4 Rc2 61. Kg4 Rd2 62. Kh5 Bg3 63. Kg4 Bf2 64. Kh5 Bc5 65. Kg4 Bf2 66. Kh5 Rd4 67. Be6 Rf4 68. Rh3 Bc5 69. Bd7 Rd4 70. Be6 Bb4 71. Bc4 Bc5 72. Be6 Rd3 73. Bc4 Rd2 74. Be6 Rd3 75. Bc4 Re3 76. Kg4 e4 77. Bd5 exf3 78. Rxf3 Re1 79. Rg3 Bf2 80. Rg2 Bc5 81. Rg3 Rd1 82. Be6 Bd6 83. Rg2 Rd4+ 84. Kf3 Bc5 85. Rg4 Rd3+ 86. Kg2 Rd2+ 87. Kf3 Rf2+ 88. Kg3 Rf1 89. Kh2 Bd6+ 90. Kg2 Rd1 91. Kf3 Bf4 92. Kg2 Rd3 93. Bc4 Rc3 94. Be6 Kh6 95. Bf7 Rc7 96. Be8 Re7 97. Bc6 Re5 98. Kf3 Rxf5 99. Be4 Rc5 100. Ke2 f5 0-1

[Event "Perth op"]
[Site "Perth"]
[Date "2023.01.03"]
[Round "2"]
[White "Arthur, Matthew"]
[Black "De Jong, Sjef"]
[Result "1/2-1/2"]
[WhiteElo "1605"]
[BlackElo "1593"]
[PlyCount "46"]
[EventDate "2023.01.02"]
[EventType "swiss"]
[EventRounds "11"]
[EventCountry "AUS"]
[SourceTitle "CBM 212 Extra"]
[Source "ChessBase"]
[SourceDate "2023.03.31"]
[SourceVersion "1"]
[SourceVersionDate "2023.03.31"]
[SourceQuality "1"]

1. d4 d5 2. c4 c6 3. Nc3 Nf6 4. e3 Bf5 5. cxd5 cxd5 6. Qb3 Qd7 7. Nf3 a6 8. Ne5 Qc8 9. Nxd5 Nxd5 10. Qxd5 e6 11. Qb3 Nd7 12. Nxd7 Qxd7 13. Be2 Be4 14. 0-0 Bd6 15. Bd2 0-0 16. Bb4 Bxb4 17. Qxb4 Rac8 18. Rac1 Rc7 19. Rxc7 Qxc7 20. Qc3 Rc8 21. Rc1 Qxc3 22. Rxc3 Rxc3 23. bxc3 b5 1/2-1/2

[Event "Tanglin op"]
[Site "Singapore"]
[Date "2022.06.01"]
[Round "7"]
[White "Hng, Mei En Emmanuelle"]
[Black "Arthur, Matthew"]
[Result "1-0"]
[WhiteElo "2000"]
[BlackElo "1461"]
[PlyCount "55"]
[EventDate "2022.05.28"]
[EventType "swiss"]
[EventRounds "9"]
[EventCountry "SIN"]
[SourceTitle "CBM 208 Extra"]
[Source "ChessBase"]
[SourceDate "2022.07.31"]
[SourceVersion "1"]
[SourceVersionDate "2022.07.31"]
[SourceQuality "1"]

1. e4 c6 2. d4 d5 3. e5 c5 4. dxc5 e6 5. Be3 Nc6 6. Bb5 Nge7 7. Nf3 Nf5 8. b4 Bd7 9. Bxc6 Bxc6 10. Bd4 a5 11. c3 axb4 12. cxb4 b6 13. 0-0 bxc5 14. bxc5 Qa5 15. Nbd2 Nxd4 16. Nxd4 Qxc5 17. N2b3 Qb6 18. Qg4 Bd7 19. Rfc1 g6 20. Qf4 Bg7 21. Nc5 Bc8 22. Rab1 Qa7 23. Nb5 Qe7 24. Nxe6 fxe6 25. Nc7+ Kd8 26. Nxa8 Qa7 27. Qg5+ Qe7 28. Rxc8+ 1-0

[Event "Asia Club-ch Hybrid"]
[Site "Tornelo INT"]
[Date "2021.11.03"]
[Round "1.3"]
[White "Arthur, Matthew"]
[Black "Randil, Lakshita"]
[Result "0-1"]
[WhiteElo "1496"]
[BlackElo "1927"]
[PlyCount "94"]
[EventDate "2021.11.03"]
[EventType "team-swiss"]
[EventRounds "9"]
[EventCountry "NET"]
[SourceTitle "CBM 205 Extra"]
[Source "ChessBase"]
[SourceDate "2022.01.31"]
[SourceVersion "1"]
[SourceVersionDate "2022.01.31"]
[SourceQuality "1"]
[WhiteTeam "Bishan CC"]
[BlackTeam "Super Knight CC"]
[WhiteTeamCountry "SIN"]
[BlackTeamCountry "SRI"]

1. d4 d5 2. c4 c6 3. e3 Nf6 4. Nc3 a6 5. Nf3 Bf5 6. b3 e6 7. Bd2 Ba3 8. Nh4 Bg4 9. Be2 Bb2 10. Bxg4 Bxa1 11. Bf3 Bxc3 12. Bxc3 g5 13. Bb4 a5 14. Ba3 gxh4 15. h3 Na6 16. Qd2 Nb4 17. 0-0 0-0 18. Bxb4 axb4 19. Qxb4 Rxa2 20. Qc3 Qa5 21. Qc1 Qa3 22. Qxa3 Rxa3 23. Rb1 Rfa8 24. Kh2 Ra1 25. Rxa1 Rxa1 26. g3 Rb1 27. cxd5 cxd5 28. gxh4 Rxb3 29. Bd1 Rb1 30. Bc2 Rb2 31. Bd3 Rxf2+ 32. Kg3 Rd2 33. Bb5 Ne4+ 34. Kg4 Rb2 35. Bf1 b5 36. h5 b4 37. Kh4 b3 38. Bd3 Rd2 39. Bb1 Rd1 40. Bxe4 dxe4 41. Kg4 Rf1 42. Kg3 b2 43. Kg2 b1Q 44. Kg3 Rf3+ 45. Kh4 Qe1+ 46. Kg5 Qg3+ 47. Kh6 Qg7# 0-1